000 00357nam a2200133 i 4500
001 bg
100 1 _aKLEPUCZ, Władysław
245 0 _aZastosowanie maszyn matematycznych do automatyzacji zarządzania /
_cWładysław Klepucz.
260 _aWarszawa,
_c1966.
040 _cBPK
041 _apol
942 _cKS
008 s pl f |000 0 pol
999 _c16167
_d16167
856 _uhttp://koha.tu.koszalin.pl/cgi-bin/koha/opac-detail.pl?biblionumber=16167
_yKatalog online BPK